D'où viennent ces fruits / légumes? - Statistiques

Statistiques générales
  • Ce quiz a été pris 13 fois
  • Le résultat moyen est 2 sur 14
Statistiques - réponses
Fruit / Légume Pays % Correct
Abricot Chine
50%
Ananas Argentine, Brésil, Paraguay
40%
Avocat Mexique
30%
Raisin Arménie, Géorgie, Iran, Turquie
20%
Pomme de terre Pérou
20%
Mangue Bangladesh, Birmanie, Inde
10%
Chou Espagne, France, Royaume-uni
10%
Banane Inde, Indonésie, Malaisie, Papouasie-Nouvelle-Guinée
10%
Pomme Kazakhstan
10%
Carotte Afghanistan, Irak, Iran
0%
Potiron Argentine, Uruguay
0%
Pastèque Botswana, Namibie
0%
Melon Egypte, Soudan
0%
Oignon Ouzbékistan, Pakistan, Turkmenistan
0%
Aucun quiz correspondant
Distribution des résultats
% des personnes avec chaque résultat
Percentile par nombre de réponses
Votre historique - résultats
Vous n’avez pas pris ce quiz